000 01042nam a2200241Ia 4500
003 Ost
005 20260507075240.0
008 260507s9999||||xx |||||||||||||| ||und||
020 _a41447099579
040 _cfsecg
041 _aara
082 _a330
100 _aتاوريريت، نور الدين بشير
_eمؤلف
245 0 _aالفعالية التنظيمية بين النظرية و التطبيق :
_bفهم المبادئ ،حل المشكلات التنظيمية /
_c نور الدين بشير تاوريريت
260 _aاربد:
_bعالم الكتب الحديث,
_c2009
300 _a252 صفحة؛
_bإيضاحات ؛
_c24 سم
504 _aمراج ص.245
520 _aتطور الفكر التنظيمي و دراسة المنظمة ، التعريف بالاشكالية ، التقييم التنظيمي ، الفعالية التنظيمية ، الاطار الإجرائي .
653 _aالإدارة
653 _aالتخطيط
653 _aتنظيم وإدارة
942 _cكتاب
999 _c43616
_d43616